00561nam a2200205Ia 450000500170000000800410001702000130005808200130007124500160008426000450010030000130014565000120015865000110017065000100018165000250019170000240021694200060024095200940024699900150034020241015044210.0240331s9999 xx 000 0 und d a10103988 bNAVa820 0aNavasilu 10 aColombobUS Educational Foundationc1990 a139 p ., aFiction aPoetry aDrama aReviews and Articles aDe Abrew, K. eedt cL 001040708LaWERCLbWERCLcSSCd2024-03-31l0o 820 NAVp443r2024-03-31w2024-03-31yL c3178d3178